<?xml version="1.0" encoding="UTF-8"?>
<marc:record xmlns:marc="http://www.loc.gov/MARC21/slim">
   <marc:leader>00000nam a2200000 a 4500</marc:leader>
   <marc:datafield ind1="1" ind2=" " tag="100">
      <marc:subfield code="a">Schneider, Anna</marc:subfield>
      <marc:subfield code="4">aut</marc:subfield>
      <marc:subfield code="e">Verfasser/-in</marc:subfield>
   </marc:datafield>
   <marc:datafield ind1="0" ind2="0" tag="245">
      <marc:subfield code="a">Grenzfall</marc:subfield>
   </marc:datafield>
   <marc:datafield ind1="0" ind2="0" tag="245">
      <marc:subfield code="b">der Tod in ihren Augen ; Kriminalroman</marc:subfield>
   </marc:datafield>
   <marc:datafield ind1=" " ind2="1" tag="264">
      <marc:subfield code="b">Fischer Taschenbuch</marc:subfield>
      <marc:subfield code="c">2021</marc:subfield>
   </marc:datafield>
   <marc:datafield ind1="1" ind2=" " tag="490">
      <marc:subfield code="a">Grenzfall</marc:subfield>
   </marc:datafield>
   <marc:datafield ind1="1" ind2=" " tag="520">
      <marc:subfield code="a">Der erste Fall für das deutsch-österreichische Ermittlerteam Alexa Jahn und Bernhard Krammer. (DR) Ein grausam inszenierter Mord, die Leiche hängt in einer Bergwand in Bayern, alles sieht auf den ersten Blick nach Kletterunfall aus. Doch dem Oberkörper hat man Beine aus Stroh angenäht und der Unterkörper wird wenig später am Achensee in Tirol entdeckt. Die frisch von Aschaffenburg nach Weilheim gekommene Oberkommissarin Alexa Jahn muss auch noch gleich die Teamleitung übernehmen, da der zuständige Kollege bei den Ermittlungen am Berg abstürzt und für längere Zeit krankgeschrieben bleibt. Alexa wird nicht nur von dem Fall total aufgesogen, sie muss sich auch mit den süddeutschen Eigenheiten der Kollegen herumschlagen, die gerne Stereotype ausleben (zum Beispiel das Senfglas im Getränkehalter des Einsatzautos - Würste halten halt besser wach als Donuts!) und regionaltypische Namen wie Huber haben. Dann ist da noch der etwas eigenartige österreichische Kollege Krammer, denn aufgrund der in beiden Ländern verteilten Leichenteile muss grenzüberschreitend ermittelt werden. Daneben scheinen sämtliche Kollegen irgendwelche privaten Probleme zu haben. An so mancher Stelle werden das Hin und Her der Namen, Persönlichkeiten, Nebenhandlungen, die immer wieder eingestreuten Gedankengänge des Täters und die ständige Versagensangst der Protagonistin definitiv zu viel. Vielleicht muss das aber in einem Auftakt zu einer Serie so sein, damit man alle Charaktere schon zu Beginn gut kennen lernt. Ein spannendes Krimivergnügen ist das Buch allemal, inklusive privater Überraschung am Ende. Für alle Bestände zu empfehlen.</marc:subfield>
   </marc:datafield>
   <marc:datafield ind1=" " ind2=" " tag="020">
      <marc:subfield code="a">9783596700509</marc:subfield>
      <marc:subfield code="9">9783596700509</marc:subfield>
   </marc:datafield>
</marc:record>
